| 000 | 00893nam a2200253 a 4500 | ||
|---|---|---|---|
| 001 | 69030 | ||
| 003 | BD-RjUL | ||
| 005 | 20211209081836.0 | ||
| 008 | 170509s1995 ii a b 001 0 eng | ||
| 020 | _a8120409426 | ||
| 035 | _a(BD-RjUL)69241 | ||
| 040 |
_aDLC _cBD-RjUL _beng _dBD-RjUL |
||
| 041 | _aeng | ||
| 082 |
_223 _a561 _bAGP 1995 |
||
| 100 | 1 |
_aAgashe, Shripad N. _9204524 |
|
| 245 | 1 | 0 |
_aPaleobotany : _bplants of the past, their evolution, paleoenvironment, and application in exploration of fossil fuels / _cShripad N. Agashe. |
| 260 |
_aNew Delhi : _bOxford & IBH Pub. Co., _cc1995. |
||
| 300 |
_avi, 359 p. : _bill. ; _c25 cm. |
||
| 504 | _aIncludes bibliographical references (p. [316]-342) and index. | ||
| 520 | _aText book in paleobotany with special reference to India. | ||
| 650 | 0 |
_aPaleobotany. _9164756 |
|
| 650 | 0 |
_aPlants, Fossil _zIndia. _9204525 |
|
| 942 |
_2ddc _cBK |
||
| 999 |
_c69030 _d69030 |
||